Markets (Record no. 82672)

MARC details
000 -LEADER
fixed length control field 01309cab a22002295a 4500
001 - CONTROL NUMBER
control field L150903
008 - FIXED-LENGTH DATA ELEMENTS--GENERAL INFORMATION
fixed length control field 100914e20100903xxk 000 0 eng d
035 ## - SYSTEM CONTROL NUMBER
System control number (Sirsi) u150903
041 0# - LANGUAGE CODE
Language code of text/sound track or separate title eng
100 1# - MAIN ENTRY--PERSONAL NAME
Personal name Watson, Stuart
245 00 - TITLE STATEMENT
Title Markets
Remainder of title Kent, Surrey and Sussex
260 ## - PUBLICATION, DISTRIBUTION, ETC.
Date of publication, distribution, etc. 2010
490 #0 - SERIES STATEMENT
Series statement Property Week
Volume/sequential designation 76(35) 3 September 2010, 37-48(5)
520 ## - SUMMARY, ETC.
Summary, etc. Cruise firm Royal Caribbean International is to sign for 24 600 sqft of Prupim's Heights scheme near Weybridge. Government rejects 300 acre Kent International Gateway rail freight distribution development. Objectors target the residential part of the Saltdean Lido redevelopment. Survey confirms positive impact of the high-speed London rail link on Kent as a business location. Redevelopment masterplan is proposed for Manor Royal, the region's biggest business park, next to Gatwick Airport. Health sector occupancies boost Brighton's office market. Examines the future prospects of five projects led by SEEDA, the regional development agency, due to close by March 2012.
590 ## - LOCAL NOTE (RLIN)
Local note KA
651 #4 - SUBJECT ADDED ENTRY--GEOGRAPHIC NAME
Geographic name Kent
651 #4 - SUBJECT ADDED ENTRY--GEOGRAPHIC NAME
Geographic name Surrey
651 #4 - SUBJECT ADDED ENTRY--GEOGRAPHIC NAME
Geographic name Sussex
Chronological subdivision 1888-
690 ## - LOCAL SUBJECT ADDED ENTRY--TOPICAL TERM (OCLC, RLIN)
Topical term or geographic name as entry element PROPERTY-COMMERCIAL PROPERTY-COMMERCIAL PROPERTY MARKET
690 ## - LOCAL SUBJECT ADDED ENTRY--TOPICAL TERM (OCLC, RLIN)
Topical term or geographic name as entry element PROPERTY-COMMERCIAL PROPERTY-COMMERCIAL PROPERTY FINANCE AND INVESTMENT
942 ## - ADDED ENTRY ELEMENTS (KOHA)
Suppress in OPAC 0
Holdings
Withdrawn status Lost status Source of classification or shelving scheme Damaged status Not for loan Home library Current library Shelving location Date acquired Total Checkouts Full call number Barcode Date last seen Copy number Price effective from Koha item type
    Dewey Decimal Classification     London London Journal article 14/09/2010   L150903 150903-1001 06/08/2019 1 06/08/2019 Journal article